000 00680nam a2200289Ia 4500
005 20260324143811.0
008 008 260324s9999 xx 000 0 eng d
020 _a9781315131832
037 _aEBOOK
040 _aCRL
040 _beng
040 _cCRL
041 _2eng
041 _aeng
084 _qCRL
100 _aT. R. Young
_91216972
245 4 _aThe Drama of Social Life
245 0 _bEssays in Post-modern Social Psychology
260 _bTaylor and Francis
260 _c1990
365 _a
365 _b220
856 _uhttp://www.taylorfrancis.com/books/9781315131832
942 _cEBOOK
999 _c1822803
_d1822803